000 00979cpcaa2200277 4500
001 mm 79000476
003 DLC
005 20260227111631.0
008 790403|||||||||||| eng
010 _amm 79000476
040 _aDLC
_cDLC
_edacs
_dDLC
072 7 _aC
_2lcmd
100 1 _aChase, Samuel,
_d1741-1811.
245 0 0 _aSamuel Chase papers,
_f1776-1805.
300 _a4
_fitems.
506 0 _aOpen to research.
533 _aIn part, positive photocopy, typewritten transcript, and facsimile.
_b[S.l.].
545 0 _aJurist.
546 _aCollection material in English.
580 _aForms part of: Miscellaneous Manuscripts collection.
656 7 _aJurists.
_2itoamc
999 _c40417
_d40417